[Event "ARG-ch"]
[Site "Buenos Aires"]
[Date "1998.04.28"]
[Round "12"]
[White "Dolezal, Cristian"]
[Black "Sorokin, Maxim"]
[Result "1/2-1/2"]
[WhiteElo "2300"]
[BlackElo "2575"]
[Annotator "Mikhalevski,V"]
[PlyCount "90"]
[EventDate "1998.04.15"]
[EventType "tourn"]
[EventRounds "15"]
[EventCountry "ARG"]
[EventCategory "9"]
[SourceTitle "CBM 065"]
[Source "ChessBase"]
[SourceDate "1998.08.06"]
[SourceVersion "1"]
[SourceVersionDate "1998.08.06"]
[SourceQuality "1"]

1. e4 Nf6 2. Nc3 e5 3. Nf3 Nc6 4. g3 Bb4 5. Bg2 d6 6. d3 (6. O-O Bxc3 7. dxc3
Nxe4 8. Nxe5 dxe5 9. Qxd8+ Nxd8 10. Bxe4 O-O 11. Re1 $14 {1/2-1/2 Guyot,
P-Daillet,E/FRA-chT 1993 (44)}) 6... h6 (6... Bg4 7. h3 Bh5 8. O-O h6 9. Nd5
Nxd5 10. exd5 Ne7 11. c3 Bc5 12. g4 Bg6 13. d4 exd4 14. Nxd4 $14 {Ioseliani,
N-Gaprindashvili,N/Tbilisi (m1) 1980/1/2-1/2 (53)}) 7. Bd2 ({Tsearsky} 7. O-O
Be6 (7... Ne7 $146 8. d4 $6 (8. Bd2 $11) (8. Nh4 g5 $5 9. Qf3 Nfg8 10. Nf5 Nxf5
11. exf5 Bxc3 12. bxc3 Ne7 $13) 8... Bxc3 9. bxc3 Ng6 (9... Nxe4 10. Qe1 f5 11.
dxe5 O-O 12. c4 $132) 10. Ba3 Qd7 $5 (10... O-O $6 11. dxe5 Nxe4 12. Qd5 Bf5
13. exd6 Nxd6 14. Bxd6 Be6 15. Qxb7 Qxd6 16. Nd4 Bc4 17. Rfe1 $16) 11. dxe5 (
11. Qd3 Qa4 12. Bc1 O-O $15) 11... dxe5 12. Qc1 (12. Qxd7+ $6 Bxd7 $15) 12...
Qe6 13. Qe3 $5 $132 (13. Rb1 $2 b6 14. Ne1 $6 (14. Nd2 $142) 14... Bb7 15. Nd3
(15. f4 exf4 16. gxf4 Nh4 17. f5 Qe5 18. Nd3 Qxc3 19. Bh1 Rg8 $5) 15... Bxe4
16. f4 $6 (16. f3 Bc6 17. Re1 O-O-O $17) 16... Bxg2 17. f5 (17. Kxg2 Qxa2 18.
Re1 Qd5+ 19. Kg1 e4 20. Nf2 O-O-O $19) 17... Qd5 $19 {0-1 Glek,I-Onischuk,A/
Hoogovens 1997 (29)}) (13. Nd2 b6 $1 {[%csl Ra3][%cal Gc7c5]} 14. f4 exf4 15.
gxf4 Nh4 $15) 13... b6 14. Nd2 Bb7 15. c4 $11) 8. Nh4 a6 9. Nf5 Kf8 10. f4 Bc5+
11. Kh1 Qd7 12. g4 h5 13. fxe5 dxe5 14. g5 Ng4 15. Qe1 Nb4 16. Qe2 Kg8 17. h3
Nc6 18. Nd5 Bxf5 19. exf5 Nd4 20. Qe4 c6 21. Ne3 Ne2 22. Qf3 Nxc1 23. Nxg4 hxg4
24. Qxg4 Be3 25. Be4 Rd8 26. Raxc1 Bxc1 27. Rxc1 Qd4 28. Rg1 Qf2 29. Rg2 Qe1+
30. Kh2 Rh4 31. Qg3 Qxg3+ {Glek,I-Blatny,P/BL9495 1995/1-0 (74)} 32. Kxg3 $44)
7... Be6 8. a3 Ba5 9. O-O O-O 10. h3 Bb6 (10... a6 $5) 11. Na4 $1 {[%csl Gd2,
Gg2]} Qd7 12. Kh2 Rad8 13. Nxb6 axb6 14. Bc3 Qe7 15. Qe2 Rfe8 16. Rfe1 Bc8 17.
Qf1 Nd7 18. d4 $14 Nf8 19. Re3 exd4 20. Nxd4 Nxd4 21. Bxd4 {Pair of bishops
and superiority in the centre guarantee an advantage for White.} Bd7 22. b4 (
22. e5 $6 d5 $1) (22. c4 $5 Ne6 23. Bc3 Bc6 24. b4 $14 {[%cal Gf2f4]}) 22... f6
{[%csl Ge5]} (22... b5 $5 23. e5 $140 Bc6 $1) 23. Bb2 (23. c4 $5 {[%cal Gf2f4,
Ge4e5,Ga1e1]}) 23... b5 24. c4 bxc4 25. Qxc4+ Be6 26. Qb5 c6 27. Qb6 Bc4 28.
Rc3 $6 {Senseless.} ({White has to open his bishops.So} 28. Rae1 $5 {[%cal
Gf2f4,Ge4e5] with the idea f4 and then e5 looks more logical.}) 28... d5 $1 {
[%cal Ge7f7,Gf7c4,Yd5e4]} 29. Rd1 Qf7 {[%cal Gd8d7,Gd5e4]} 30. Re3 {White has
to recognize,that 28.Rc3?! was a mistake.} Rd7 {[%cal Gd5e4]} 31. exd5 (31. e5
fxe5 32. Rxe5 (32. Bxe5 $2 Qxf2) 32... Rxe5 33. Bxe5 Ng6 {[%cal Gc4e2,Ge2f3]})
31... Rxe3 32. Qxe3 Bxd5 33. Bf1 $6 {White's trying to keep pair of bishops,
but Black's bishop on"d5" is so strong that exchange looks better.} Re7 {
Now White has to be very careful.} 34. Qb6 (34. Qd3 $5) 34... Qh5 {[%cal Rh5d1,
Gh5f3]} 35. g4 (35. Rd3 $2 Re1 36. Bg2 Bxg2 37. Kxg2 Qe2 $19) 35... Qe8 {
[%cal Ge8b8,Gb8f4]} (35... Qh4 $5 {[%cal Gf8e6,Ge6g5]}) (35... Qg5 $5 {[%cal
Gg5f4,Gf4f3]}) 36. Bc1 $2 (36. Bg2 {was nessesary.After the move in the game
White probably had to lose.}) 36... Ne6 $2 (36... Re1 37. Qd4 $8 Ng6 $1 {
[%cal Ge8b8,Gg6h4,Gh4f3]}) 37. Re1 $2 (37. Bg2 $142) 37... Ng5 $2 {Comedy of
mistakes!} (37... Qb8+ $1 38. f4 $8 (38. Kg1 $2 Ng5 $1 39. Rxe7 $140 Nf3+ 40.
Kh1 Qh2#) 38... Nxf4 $1 39. Rxe7 Ne6+ 40. Rc7 $8 Qxc7+ (40... Nxc7 41. Bf4 Na8
42. Qe3 Qd8 {[%cal Ga8b6]}) 41. Qxc7 Nxc7 $15) 38. Rxe7 Qxe7 (38... Nf3+ $6 39.
Kg3 Qxe7 40. Bg2) 39. Bxg5 hxg5 (39... Qe5+ 40. Kg1 (40. f4 $6 Qe4 41. Qf2 hxg5
$15 {[%csl Rh2]}) 40... Qe4 41. f3 Qxf3 42. Bh4 Qh1+ 43. Kf2 Qf3+ 44. Ke1 Qc3+
45. Kf2 Qf3+ $11) (39... Qe4 $5 {[%csl Rf1,Rh2][%cal Ge4h1]} 40. Bxf6 (40. Bd2
Qh1+ 41. Kg3 Qg1+ 42. Kf4 Qxf1 $17 {[%csl Rf4]}) (40. Bxh6 Qh1+ 41. Kg3 Qxf1
$17) 40... Qh1+ 41. Kg3 Qxf1 42. Bd4 (42. Bxg7 Qd3+ 43. Kh4 Kxg7 44. Qxb7+ Kg6
$15) 42... Qg2+ 43. Kh4 (43. Kf4 $4 Qf3+ 44. Ke5 Qf6#) 43... g5+ 44. Kh5 Qxh3+
45. Kg6 Be4+ 46. Kf6 Qf3+ 47. Ke7 Qf8+ 48. Kd7 Bf3 49. Qd8 (49. Kc7 $140 Qf4+
50. Kc8 Qxg4+) (49. Qxb7 $2 Bxg4+ 50. Kc7 Qf4+ $19) 49... Bxg4+ 50. Kc7 Qxd8+
51. Kxd8 $15) 40. Bg2 $1 $11 Qe5+ 41. Kg1 Bxg2 42. Kxg2 Qd5+ 43. Kh2 Qa2 44.
Kg2 Qxa3 45. Qxb7 Kh7 1/2-1/2

[Event "Sufe Cup"]
[Site "Shanghai"]
[Date "2000.03.03"]
[Round "1"]
[White "Yin, Hao"]
[Black "Xie, Jun"]
[Result "1/2-1/2"]
[WhiteElo "2496"]
[BlackElo "2542"]
[Annotator "Mikhalevski,V"]
[PlyCount "80"]
[EventDate "2000.03.03"]
[EventType "tourn"]
[EventRounds "13"]
[EventCountry "CHN"]
[EventCategory "13"]
[SourceTitle "CBM 076"]
[Source "ChessBase"]
[SourceDate "2000.05.31"]
[SourceVersion "1"]
[SourceVersionDate "2000.05.31"]
[SourceQuality "1"]

1. e4 e5 2. Nf3 Nc6 3. Nc3 Nf6 4. g3 Bb4 {Other methods of developing were
also tried but I think this one is the most correct way to meet Glek's 4.g3.}
5. Bg2 Bxc3 {It's also possible to take on c3 a move later.I believe that's a
matter of taste.} (5... O-O 6. O-O Bxc3 7. dxc3 Nxe4 (7... d6 8. Qd3 h6 9. c4
Be6 10. Nh4 Qd7 11. Re1 Bh3 12. Bh1 Rae8 13. Bd2 Kh8 14. Bc3 $13 {1/2-1/2
Braga,F-Sorokin,M/Villa Gesell 1997/CBM 58 (50)}) 8. Nxe5 Nxe5 9. Bxe4 d6 10.
f4 Ng4 11. f5 Nf6 12. Bg2 Re8 13. g4 d5 14. Bg5 c6 15. Kh1 Qd6 16. Qd4 Ne4 17.
Rae1 c5 18. Qd1 Qc6 19. c4 Nxg5 20. cxd5 Qd7 21. h4 $16 {1-0 Glek,I-Grabarczyk,
M/Katowice 1992/TD (40)}) 6. dxc3 d6 7. O-O (7. Nh4 h6 (7... Be6 8. Nf5 Rg8 9.
Ne3 Qd7 10. Nd5 Ne7 11. Nxf6+ gxf6 12. Be3 O-O-O 13. Qe2 Qc6 14. Qf3 f5 15.
O-O-O $13 {1-0 Ribeiro,F-Felizes,P/Porto 1998/CBM 67 ext (51)}) 8. Nf5 Bxf5 9.
exf5 Qd7 10. g4 O-O-O 11. Qe2 d5 12. h3 Rhe8 13. O-O Qd6 $13 {1/2-1/2 Glek,
I-Piket,J/NLD-chT9495 1994/EXT 98 (47)}) (7. Bg5 $6 h6 8. Bxf6 Qxf6 $11 {
1/2-1/2 Glek,I-Adams,M/Germany 1996/GER-chT (59)}) 7... Be6 {[%cal Gd6d5]
Black supports equalizing advance d6-d5.In case Black changes the bishops
he'll be even better.} (7... Nxe4 8. Nxe5 dxe5 9. Qxd8+ Nxd8 10. Bxe4 O-O 11.
Re1 Be6 12. Bg2 f6 13. f4 $14 {1/2-1/2 Guyot,P-Daillet,E/FRA 1993/TD (45)}) 8.
Nh4 O-O {I think this natural move is inaccuracy which allows White to seize
an initiative with 9.f4.} ({Immediate} 8... d5 {seems to be better than 8...
0-0.The idea of playing 8...d5 before castling is very simple:after 8...0-0
White can come with 9.f4 preventing this important advance.}) 9. Qd3 {[%cal
Gc3c4] Only this move is new.In the only preceding game White played f4 which
in my opinion is more logical as White prevents d5.} (9. f4 {/\f5,g4 ->K} exf4
(9... Bg4 10. Qe1 exf4 11. Bxf4 $14 (11. gxf4 $5 {/\Qg3})) 10. Bxf4 (10. gxf4 {
Ftacnik} Nxe4 $1 11. Qh5 f5 $17) 10... Ng4 {Ne5 [+]} 11. Nf5 Nge5 (11... Bxf5
12. exf5 {+/=/+/- ^^,/^h1-a8}) 12. g4 f6 (12... g6 {Ftacnik} 13. Ne3 Qd7 14. g5
f6 15. Nd5 $36) 13. h3 Qd7 14. b3 Rae8 (14... Rad8 {Ftacnik} 15. Qd2 (15. c4 $5
) 15... d5 16. Bxe5 fxe5 17. exd5 Bxd5 (17... Bxf5 18. gxf5 Rxf5 19. Qe3 $16)
18. Rad1 Be6 19. Qxd7 Bxd7 20. Bxc6 Bxc6 21. Ne7+ Kh8 22. Rxd8 Rxd8 23. Nxc6
bxc6 24. Rf7 $16) 15. Bg3 Nf7 {/\Ng5 קe4} 16. Qd2 Ng5 (16... Nce5 {Ftacnik}
17. Rad1 $14) 17. Rae1 Bf7 $2 {ףd7,פg5} (17... Ne5 $142 {= [+]}) 18. e5 $1 {
1-0 Glek,I-Rozentalis,E/Bonn 1994/CBM 40/[Blatny,P] (26)}) 9... d5 {Now Black
solves opening problems easily.The structure which is about to arise in
Black's favour and similar to Exchange variation of Ruy Lopez with opposite
colours.} 10. Bg5 {Right decision.White forces series of exchanges damaging on
the way Black's pawn structure on the king side.} (10. exd5 {would allow Black
to accomplish a useful exchange of bishops.} Bxd5 {with slightly better for
Black position thanks to the better pawn structure.}) 10... dxe4 11. Qxd8 Rfxd8
12. Bxf6 gxf6 13. Bxe4 {[%csl Rc2,Rc3,Re5,Rf6,Rf7,Rh7][%cal Gh4f5] In arising
position chances of both sides are about equal as damages in the pawn
structures compensate each other.However Black has more clear perspectives on
the king side.} Ne7 $1 {[%csl Rf5] Covering the f5 square Xie Jun shows she is
familiar with such kind of positions that arises in one of the lines of
Gruenfeld defence with opposite colours.} 14. Rfd1 ({Certainly not} 14. Bxb7 $2
Rab8 {with big advantage for Black.}) 14... c6 15. a3 Kg7 {[%cal Gf6f5,Ge7g6,
Gg7f6] Black has been preparing strengthening of the postion on the king side
by means f5,Kf6 and Ng6.} 16. Kf1 f5 $15 {Starting from this point Xie Jun has
been outplaying her opponent.} 17. Rxd8 Rxd8 18. Bf3 Ng6 (18... Kf6 $5) 19. Ng2
(19. Nxg6 $6 {Can't be recommended as it improves Black's pawn structure on
the king side.}) 19... e4 20. Be2 f4 $1 {[%mdl 32] Temporary pawn sacrifice
which allows to exchange one of the doubled pawns.Now Black's advantage on the
king side becomes more essential.} 21. Nxf4 $8 ({Bad is} 21. gxf4 $2 {in view
of} Bh3 $1 {[%cal Gg6f4]} {and after only} 22. Kg1 Bxg2 23. Kxg2 Nxf4+ 24. Kf1
Rd2 {Black wins.}) 21... Nxf4 22. gxf4 Kf6 23. f3 $8 {White can't allow Kf5 as
it would lead to a very strong pressure.} exf3 (23... e3 {is too optimistic as
after} 24. Bd3 $1 {[%cal Gf1e2] the e3-pawn would become a target.}) (23... Kf5
{creating an extra pass pawn on the king side was also possible.} 24. fxe4+
Kxe4 25. Bd3+ Kxf4 $15) 24. Bxf3 Rd2 (24... Kf5 $17 {was even simplier.White
would have to look for escape in the bishops ending.}) 25. Be4 $8 Rxh2 (25...
Bd5 $1 {[%csl Rb2,Rc2,Rc3] deserved serious attention.After the main White's
defender is exchanged he would have to solve serious problems defending pawns
on the both sides.} 26. Bxd5 cxd5 $17 {[%csl Rc2,Rh2]}) 26. Rd1 h5 (26... Rh4
$5 27. Kg2 Rxf4 28. Bxh7 Kg5 $15 {[%csl Rg2,Rh7][%cal Gf7f5,Ge6d5] /-/+}) 27.
Rd4 Rh4 28. Bf3 c5 29. Ra4 b5 (29... b6 $1 {/\a5 was thiner.} 30. Kg2 ({Or} 30.
Rxa7 Rxf4 31. Kg2 Kg5 {and Black gets the better edition of the game position.
For example after} 32. Ra6 (32. Rb7 $4 Rxf3 {[%csl Rb7,Rg2][%cal Ge6d5]}) 32...
Rf6 {is possible} 33. Rxb6 $140 $4 Bh3+ {[%cal Gf6b6]}) 30... a5 31. Kg3 $140
$2 Rh3+ 32. Kg2 Rxf3 $1 33. Kxf3 Bd7 (33... Kf5 $5 {[%csl Ra4]}) 34. Rc4 Bb5
35. Re4 Bc6 $19) 30. Rxa7 Rxf4 31. Kg2 {Now Black's queen side pawn are more
vulnerable than in case of 29...b6} h4 32. Rc7 Rf5 33. Bc6 c4 $2 {[%mdl 16384]
This natural move is a serious inaccuracy.} (33... h3+ $1 {would leave more
chances for a win.} 34. Kg3 (34. Kxh3 $2 c4 $1 {[%csl Rc6,Rc7,Rh3][%cal Gf5c5]}
) (34. Kg1 Kg5 35. Rb7 Kf4 {[%cal Gf4g3]} 36. Rb8 Re5 $1 37. Kf2 Bd5 $1 38.
Bxd5 Rxd5 $17 {[%cal Gd5d2]}) 34... Ke5 35. Bxb5 $140 $2 Rg5+ 36. Kh2 Rg2+ 37.
Kh1 Rxc2 {[%cal Ge6d5]} 38. Rxc5+ Bd5+ $19) 34. Bd7 $1 {Black probably missed
this strong resource.After bishops exchange the h pawn is not so dangerous and
White escapes as the remaining material is not sufficient for Black to win.}
h3+ 35. Kg1 $1 {The only move.It's very important to have the h1-square
available for the king after Rg5+.} (35. Kxh3 $4 Rc5+ {[%csl Rc7,Rh3]}) (35.
Kg3 $2 Rg5+ 36. Kh2 Rg2+ 37. Kh1 Bxd7 38. Rxd7 Rxc2 $19) 35... Rg5+ (35... h2+
{doesn't help} 36. Kxh2 Bxd7 37. Rxd7 Rf2+ 38. Kg3 Rxc2 39. a4 $1 Rxb2 (39...
bxa4 40. Ra7 $1 $11) 40. axb5 Rb3 41. b6 Rxc3+ 42. Kf4 Ke6 43. Rc7 Kd5 44. Rxf7
Rb3 45. Rd7+ Kc5 46. b7 Kc6 47. Rd4 Kc5 48. Rd7 $11) 36. Kh1 $1 $11 Rd5 (36...
Bxd7 37. Rxd7) 37. Bxe6 fxe6 38. Kh2 Rd2+ 39. Kxh3 Rxc2 40. a4 $1 Rxb2 (40...
Rxb2 {and draw was agreed as after} 41. axb5 Rxb5 42. Rxc4 {there is no
material to play.}) 1/2-1/2

[Event "Saintly Cup"]
[Site "Sydney"]
[Date "1999.01.28"]
[Round "6"]
[White "Oral, Tomas"]
[Black "Solomon, Stephen J"]
[Result "1/2-1/2"]
[WhiteElo "2521"]
[BlackElo "2435"]
[Annotator "Mikhalevski,V"]
[PlyCount "45"]
[EventDate "1999.01.22"]
[EventType "tourn"]
[EventRounds "9"]
[EventCountry "AUS"]
[EventCategory "10"]
[SourceTitle "CBM 070"]
[Source "ChessBase"]
[SourceDate "1999.06.08"]
[SourceVersion "1"]
[SourceVersionDate "1999.06.08"]
[SourceQuality "1"]

1. e4 e5 2. Nf3 Nf6 3. Nc3 Nc6 4. d4 exd4 5. Nxd4 Bb4 6. Nxc6 bxc6 7. Bd3 d5 8.
exd5 O-O 9. O-O cxd5 10. Bg5 c6 11. Na4 $5 {This continuation has gained its
popularity after Lautier,J-Sokolov,I match in Correze,1992.Black has at his
disposal a lot of different set-ups.In the current game Australian IM chooses
perhaps the most logical one.} (11. Qf3 {is another popular alternative.}) (11.
Ne2) 11... h6 {In few examples below you can find the danger which has been
expecting both sides in case of careless play in the opening.} (11... Bd6 12.
c3 h6 13. Bh4 Re8 14. Qf3 $4 g5 15. Rfe1 (15. Bg3 Bg4 {[%csl Rf3]}) 15... Rxe1+
16. Rxe1 gxh4 {0-1 Aguas Sanmartin,M-Adell Corts,F/ESP 1992/EXT 99 (16)}) 12.
Bh4 Re8 {The idea of such a move order is to prevent 13.Qf3 which would be a
decisive mistake in view of 13...g5 14.Bg3 Bg4 and queen is traped.} (12... Be7
13. Re1 Be6 14. c3 Re8 15. Bc2 Rb8 16. Qd4 a5 17. Re3 Qc7 18. Rae1 c5 19. Qd3
g5 $2 20. Bg3 Bd6 21. Rxe6 $1 {1-0 Lautier,J-Sokolov,I/Correze 1992/CBM 28 (21)
}) 13. Rc1 {White usually starts with 13.c4} (13. c4 Be6 (13... Bd6 $5 14. Rc1
Bf4 15. Rc2 Bg4 16. f3 Be6 17. cxd5 Bxd5 18. Bc4 Qd6 19. Bxf6 Bxh2+ 20. Kh1
Qxf6 21. Bxd5 Bg3 22. Rc4 cxd5 23. Rg4 Qe5 24. Kg1 Bh2+ 25. Kh1 Qh5 {0-1
Zarnicki,P-Sokolov,I/Oviedo 1993/CBM 38 ext (25)}) 14. Rc1 {Information
concerning this position you can find in my comments on the Kabalija-Jenni,
Biel 1997 game in CBM 60.} (14. cxd5 Bxd5 15. Qc2 Bd6 16. Nc3 $2 Bxh2+ $1 17.
Kxh2 Ng4+ 18. Kh3 Bxg2+ $1 19. Kg3 Qd6+ 20. Kxg4 h5+ $1 {0-1 Afek,Y-Liss,E/
Rishon le Zion 1993/EXT 97 (20)})) (13. Qf3 $2 g5 14. Bg3 Bg4 {[%csl Rf3] and
White has to look for a save in the worse endgame after} 15. Bc7 $1 Bxf3 (15...
Qe7 16. Qg3 Rac8 {[%csl Rc7]} 17. a3 $1) 16. Bxd8 Raxd8 17. gxf3 Nh5) 13... Be7
{together with the next move is an attempt to avoid well-known ways.} (13...
Be6 14. c4 Rb8 {leads to the main line of 11...h6 12.Bh4 Re8 variation.}) (
13... Bd6 $5 14. c4 Bf4 {see 13.c4 Bd6 14.Rc1(Zarnizki-Sokolov,I)}) 14. c4 Bg4
{Black is trying to weaken the e3-square in case of 15.f3 or to call the
black-squared bishop's exchange to simplify the position.} (14... Be6 {see
above-mentioned game Kobalija-Jenni.}) 15. Qc2 (15. f3 $5 Be6 16. Bf2 {[%csl
Rc5]}) 15... Nh5 $1 (15... Ne4 $2 {would be a tactical mistake as after} 16.
Bxe7 Qxe7 17. f3 $1 Nc5 $1 {[%csl Rd3][%cal Ge7e3]} 18. Rce1 $1 (18. Bh7+ Kh8
19. fxg4 Nxa4 20. Qxa4 Kxh7 21. Qxc6 $16) 18... Be6 (18... Qxe1 19. Bh7+ Kh8
20. Rxe1 Rxe1+ 21. Kf2 Nxa4 22. Kxe1 $18) 19. Bh7+ Kh8 20. cxd5 {[%cal Gc2c5]}
Nxa4 21. dxe6 $18 Qc5+ $140 (21... Qb4 $142) 22. Qxc5 Nxc5 23. exf7) 16. Bxe7
Qxe7 {White has already to be very carefull,not to get into Black's sudden
attack.} 17. cxd5 $2 {This natural move is already a serious mistake.} ({Thus} 
17. h3 $2 {loses to} Bxh3 $1 (17... Bf3 18. gxf3 Nf4 19. Kh2 Qh4 20. Bh7+ Kh8
21. Qf5 Re5 $1 22. Qg4 Qxg4 23. fxg4 Kxh7 $15) 18. gxh3 Nf4 $1 19. Kh2 (19. Kh1
Qh4 20. Bh7+ Kh8 21. Bf5 Nxh3 22. f3 $8 (22. f4 $2 Nf2+ 23. Kg2 (23. Kg1 Qg3#)
23... Ng4 $1 {[%cal Rh4h2,Rg4e3]} 24. Bxg4 Qxg4+ 25. Kf2 (25. Kh1 Re2 $19)
25... Re4 $1 $19) 22... Nf4+ 23. Qh2 Qg5 $1 24. Bg4 (24. Bd7 Re2 {[%csl Rh2]}
25. Rf2 Rxf2 26. Qxf2 Nd3 $19 {[%cal Rd3f2,Rd3c1]}) 24... Re2 25. Qg3 h5 $19)
19... Qh4 20. Bh7+ Kh8 21. Bf5 (21. Qf5 Re5 $1) 21... Re2 22. Qb3 Rxf2+ 23. Kh1
Ne2 $1 $19 {[%cal Re2c1,Re2g3]}) (17. Qd2 $5) (17. f3 $5 Nf4 18. Rfe1 Be6 $11 (
18... Qxe1+ $2 19. Rxe1 Rxe1+ 20. Kf2 $16)) 17... Nf4 $1 $17 {[%csl Rg1][%cal
Gg4f3,Rf4d3][%mdl 2176] Perhaps White didn't expect that this intermediate
move would be so strong.Suddenly White's king fills very uncomfortable.
Actually I don't see a way to escape!} 18. Nc3 {Probably better than 18.dc,but
still Black is much better.} (18. dxc6 $2 {loses after} Bf3 $1 {[%cal Re7g5]
and White is defenseless.For instance} (18... Nxd3 19. Qxd3 Be2 $15) 19. Qc5 {
[%csl Gg5]} (19. c7 $4 Qg5 $19) 19... Qh4 $1 {[%cal Rh4g4,Rh4h3]} 20. Bf5 (20.
gxf3 Qh3) (20. Qf5 g6 21. Qd7 (21. g3 Nh3+) 21... Re7 $1 $19) (20. Rfe1 Nh3+ $1
(20... Nxd3) 21. gxh3 (21. Kf1 Bxg2+ $1 22. Kxg2 Qg4+ 23. Kf1 (23. Kh1 Qf3#)
23... Qg1#) 21... Qxh3 22. Rxe8+ Rxe8 23. Bf1 Qg4+) 20... Bxg2 {[%cal Rh4g5]} (
20... Qg5 21. Bh7+ $1 Kxh7 22. Qxg5 Ne2+ 23. Kh1 hxg5 24. gxf3 Nxc1 25. Rxc1
Rac8 $15) 21. Rfe1 Bf3 $1 $19 {[%cal Rh4g5]}) (18. Kh1 $2 Nxd3 19. Qxd3 Be2)
18... cxd5 $2 {Black didn't believe he was better and had been taking a pawn
back.} ({Meanwhile after} 18... Bf3 $1 {White is on the edge of a precipice.}
19. Bh7+ (19. Bf5 Bxg2 $19 {[%cal Re7g5]} (19... Qg5 20. g3 {[%cal Gh2h4]}))
19... Kh8 20. Qf5 Bxg2 21. Rfd1 (21. Qxf4 Bxf1 $17) 21... Qe5 $1 {[%csl Rh7]
[%cal Gg7g6]} (21... Bf3 22. Qxf4 Bxd1 23. Be4 $44) 22. Qxe5 Rxe5 23. Rd4 $1 g5
$1 {[%cal Gh8h7,Gc6d5]} (23... Nxd5 $15) (23... Rg5 $5 24. Rxf4 (24. h4 $2 Rg4
{[%csl Rd4][%cal Gf4h3]}) 24... Bxd5+ 25. Kf1 Bg2+ 26. Ke2 Kxh7 27. Rxf7 Rh5
$15) 24. Bc2 {[%cal Rd4f4]} (24. Rxf4 gxf4 25. Kxg2 Kxh7 26. dxc6 Rc5 $19)
24... Bxd5 $17) 19. Bf5 (19. Bh7+ $5 Kh8 20. Bf5) 19... Ne2+ $6 ({After} 19...
Qg5 $1 {Black is still in possession of initiative.} 20. Bxg4 Qxg4 21. g3 (21.
f3 $6 Qg5 {[%cal Re8e2,Rd5d4,Rd4d3] creating two very strong threats Re2 and
d4-d3.} 22. Rce1 (22. Rfe1 d4 23. Ne4 d3 $1 {see 22.Rce1}) (22. g3 $8) 22... d4
$1 23. Ne4 d3 $1 24. Nxg5 (24. Qd2 Rxe4 $1 {[%csl Rd2][%cal Gf4h3]}) (24. Qf2
Nh3+ {[%cal Rh3g1,Rh3f2]}) 24... dxc2 25. Ne4 f5 $19) 21... Ne2+ (21... Re6 {
[%cal Gg4f3]} 22. f3) (21... Qf3 22. gxf4 Re6 23. f5 Qg4+ $11) (21... Nh3+ 22.
Kg2 Nf4+ 23. Kg1) 22. Nxe2 Rxe2 $15) ({Now} 19... Bf3 $5 {is enough only for
equality,but White has to be very accurate.} 20. gxf3 Qg5+ 21. Bg4 h5 22. h4 $1
(22. Qf5 Re5 $1 23. Qxg5 Rxg5 24. h4 Rg6 25. Rfd1 hxg4 26. Nxd5 gxf3+ 27. Kf1
Rg4 $1 $15) 22... Qf6 $1 (22... Nh3+ $2 23. Kg2 $1 (23. Kh2 Qf4+ 24. Kxh3 hxg4+
25. fxg4 Qf3+ 26. Kh2 Qf4+ 27. Kh1 Qf3+ $11) 23... Nf4+ 24. Kg3 Qe5 25. Rfe1
$18) (22... Qxh4 $6 23. Qf5 d4 (23... g5 24. Nxd5 Nxd5 25. Qxd5 hxg4 26. Rc4 $1
Rad8 27. Qf5 $16) 24. Qxf4 dxc3 {[%cal Rh4f4]} 25. Rxc3 hxg4 (25... Re6 $2 26.
Rc7 Rf8 27. Rxf7 $1 Rxf7 28. Qb8+ $1 Kh7 29. Bxe6 $18) 26. fxg4 $16) 23. Qf5 (
23. Bf5 $2 Qxh4 $19 {[%cal Rh4g5]}) (23. Bxh5 Nxh5 24. Nxd5 Qxf3 $40) 23...
hxg4 24. Qxf6 gxf6 {[%cal Gd5d4,Gf4e2]} 25. Kh2 $1 gxf3 $11) 20. Nxe2 Bxe2 21.
Rfe1 d4 (21... Qg5 $5) 22. h3 Rab8 (22... Rad8 23. Bd3 Bxd3 24. Rxe7 Bxc2 25.
Rxe8+ Rxe8 26. Rxc2 d3 27. Rd2 Re1+ 28. Kh2 Re2 29. Rxd3 Rxb2 30. Ra3 $11) 23.
Bd3 {and draw is inevitable.See 22...Rad8} 1/2-1/2